Melbourne general knowledge #1 - Statistics

General Stats
  • This quiz has been taken 1,517 times
  • The average score is 8 of 16
Answer Stats
Hint Answer % Correct
Large bay that connects Port Melbourne to the Bass Strait Port Phillip
78%
Largest shopping centre in Australia Chadstone
73%
Melbourne's tallest building Eureka Tower
71%
Most common country of birth for residents (other than Australia) United Kingdom
68%
University located in Clayton Monash
67%
Name of the city's most popular street directory Melway
66%
Year that Melbourne hosted the Summer Olympics 1956
63%
Science museum in Spotswood Scienceworks
61%
Fictional name for street where 'Neighbours' was filmed Ramsay Street
51%
Melbourne's first international airport Essendon
48%
Train station that was not open on weekends or public holidays (until 2016) Flagstaff
39%
Longest metropolitan rail line in Melbourne Pakenham
37%
Route number of tram to Port Melbourne 109
34%
Freeway heading towards Ballarat Western Freeway
28%
Suburb where Dame Edna is from Moonee Ponds
24%
Shop where the 'Grand Sale' is happening Franco Cozzo
18%
No matching quizzes found
Score Distribution
Percent of People with Each Score
Percentile by Number Answered
Your Score History
You have not taken this quiz